| 000 | 00481nam a2200157 i 4500 | ||
|---|---|---|---|
| 001 | 39740 | ||
| 003 | ES-MaACL | ||
| 005 | 20230906160054.0 | ||
| 007 | t| | ||
| 008 | 030304s1970 sp ||||1| spa d | ||
| 100 | 1 |
_aCampo Jesús, Luis del. _934215 |
|
| 245 | 1 | 0 |
_aPedro de Ursua _b: conquistador español de siglo XVI / _cLuis del Campo Jesús. |
| 260 |
_a[Pamplona] : _bLa Acción Social, _c[1970] |
||
| 300 |
_a398 p., 4 lám. ; _c22 cm. |
||
| 852 |
_aES-MaACL _jC-44599 _bR.74527 |
||
| 999 |
_c39740 _d39740 |
||